| 000 | 00344nam a2200133Ia 4500 | ||
|---|---|---|---|
| 005 | 20251222144738.0 | ||
| 008 | 251222s9999||||xx |||||||||||||| ||spa|| | ||
| 020 | _a978-612-4048-91-3 | ||
| 082 | _a657.021.8/O73N | ||
| 100 | _aOrtega SalavarrÃa, Rosa | ||
| 245 | 0 | _aNIIF 2012 y PCGE: | |
| 264 | _bEdiciones Caballero Butasmante | ||
| 942 | _cLIB | ||
| 999 |
_c18837 _d18837 |
||